Statistics for 1963 year quiz

Click here to take the quiz!

General Stats

  • This quiz has been taken 43 times
  • The average score is 7 of 10

Answer Stats

HintAnswer% Correct
Martin Luther King says he has "_ _____"A dream
100%
Doors clang shut for last time in this island prisonAlcatraz
100%
President Kennedy declares himself a local in this cityBerlin
88%
This assassin assassinates an assassin in DallasJack Ruby
79%
This socialist former partisan is made President for Life in his Balkan stateJosip Tito
72%
Thich Quang Duc sets himself alight in this citySaigon
72%
Revolution erupts against British rule in this Arabian Peninsula countrySouth Yemen
72%
This British space traveller first hits screensDoctor Who
63%
Britain's entry to European Union precursor vetoed by this manCharles de Gaulle
44%
This KGB mole in MI6 defects in BeirutKim Philby
28%

Score Distribution

Percentile by Number Answered

Percent of People with Each Score

Your Score History

You have not taken this quiz